Az anyanyelvi nevelés gazdagításáért végzett kísérleteink alsó tagozaton

Elmentve itt :
Bibliográfiai részletek
Szerzők: Nagy József
Szabó Józsefné
Dokumentumtípus: Cikk
Megjelent: 1973
Sorozat:Módszertani közlemények 13 No. 5
Kulcsszavak:Neveléstudomány
Online Access:http://acta.bibl.u-szeged.hu/26421
LEADER 00686nab a2200193 i 4500
001 acta26421
005 20210224151338.0
008 161017s1973 hu o 0|| hun d
022 |a 0544-7224 
040 |a SZTE Egyetemi Kiadványok Repozitórium  |b hun 
041 |a hun 
100 1 |a Nagy József 
245 1 3 |a Az anyanyelvi nevelés gazdagításáért végzett kísérleteink alsó tagozaton  |h [elektronikus dokumentum] /  |c  Nagy József 
260 |c 1973 
300 |a 308-313 
490 0 |a Módszertani közlemények  |v 13 No. 5 
695 |a Neveléstudomány 
700 0 1 |a Szabó Józsefné  |e aut 
856 4 0 |u http://acta.bibl.u-szeged.hu/26421/1/modszertani_013_005_308-313.pdf  |z Dokumentum-elérés